000 00401cam a2200157ua 4500
041 _aeng
_h
082 _a320.58
_bRAJ/SA
100 _aRajendra, Prasad .
245 _aSatyagraha in Champaran /
_cRajendra Prasad.
_hTextual Documents
260 _aAhmadabad :
_bNavajivan publishing house ,
_c1949.
300 _a224 ; .
504 _a
650 _aGandhiana
942 _cBK
999 _c1099
_d1099